Statistics for Most Populous Cities in Colorado

Click here to take the quiz!

General Stats

  • This quiz has been taken 90 times
  • The average score is 9 of 15

Answer Stats

HintAnswer% Correct
619,158Denver
100%
416,427Colorado Springs
94%
325,078Aurora
85%
98,889Boulder
79%
143,986Fort Collins
73%
106,595Pueblo
65%
94,963Greeley
54%
142,980Lakewood
54%
58,704Grand Junction
52%
106,433Arvada
51%
106,114Westminster
49%
68,203Loveland
42%
87,712Longmont
38%
100,377Centennial
37%
118,772Thornton
35%

Score Distribution

Percentile by Number Answered

Percent of People with Each Score

Your Score History

You have not taken this quiz